01153cam a22003135a 4500001001000000003000400010005001700014008004100031020002500072040003800097082002200135100002800157245007300185250004300258260005100301300003400352490002700386500004600413500002600459504002900485650005000514651001000564653003300574655002400607700002700631942002200658999001700680952014200697016476505OSt20150810144035.0130809t2014 enka frb 001 0 eng d a9781292025735 (pbk.) aIeDuTCbengcIeDuTCdUkdEG-ScBUE04a621.3822bPRO2221 aProakis, John G.93314610aDigital signal processing /cJohn G. Proakis, Dimitris K. Manolakis. a4th ed., Pearson new international ed. aHarlow :bPearson Education Limited, cc.2014. aII, 1014 p. :bill. ;c28 cm.0 aPearson custom library aThis edition originally published : 2007. aIndex : p. 1007-1014. aBibliography : 993-1006. 0aSignal processingxDigital techniques.2BUEsh 2BUEsh bCOMSCIcJune2015cAugust2015 vreading book9342321 aManolakis, Dimitris K. 2ddck621.3822 PRO c19854d19826 00102ddc40708AlahramaMAINbMAINc1STd2015-06-24epurchaseg269.00h333l0o621.3822 PROp000038821r2025-07-15 00:00:00v336.25yBB